[Event "Tourn. n9223"]
[Site "www.chess-mail.com"]
[Date "2017.03.16"]
[Round "1"]
[White "Powerchess"]
[Black "Cal"]
[WhiteElo "1500"]
[BlackElo "1640"]
[Result "0-1"]
[Round "1"]
1.d4 d5
2.c4 dxc4
3.e3 b5
4.a4 Bc8d7
5.axb5 Bd7xb5
6.Nb1c3 Bb5a6
7.Ra1xa6 Nb8xa6
8.Qd1a4 Qd8d7
9.Qa4xa6 Ng8f6
10.Bf1xc4 e6
11.Bc4b5 c6
12.Bb5xc6 Bf8b4
13.Bc6xd7 Kxd7
14.Ng1e2 Nf6d5
15.Qa6b5 Kd6
16.Bc1d2 Rh8c8
17.O-O a6
18.Nc3xd5 exd5
19.Bd2xb4 Ke6
20.Qb5b6 Kf5
21.Ne2g3 { time. }
0-1

[Event "Tourn. n9257"]
[Site "www.chess-mail.com"]
[Date "2017.03.16"]
[Round "1"]
[White "Gimmyg"]
[Black "Mancini"]
[WhiteElo "2500"]
[BlackElo "2220"]
[Result "0-1"]
[Round "1"]
1.Ng1f3 Ng8f6
2.c4 e6
3.Nb1c3 d5
4.d4 Bf8e7
5.Bc1f4 O-O
6.e3 Nb8d7
7.Qd1c2 c5
8.dxc5 Nd7xc5
9.Bf1e2 dxc4
10.Ra1d1 Nc5d3
11.Be2xd3 cxd3
12.Qc2xd3 Qd8xd3
13.Rd1xd3 b6
14.O-O Bc8a6
{ resign }
0-1

[Event "Tourn. n9267"]
[Site "www.chess-mail.com"]
[Date "2017.03.16"]
[Round "1"]
[White "Powerchess"]
[Black "Hansen"]
[WhiteElo "1620"]
[BlackElo "1610"]
[Result "0-1"]
[Round "1"]
1.d4 Nb8c6
2.d5 Nc6b4
3.c4 c5
4.a3 Nb4a6
5.Nb1c3 e5
6.e4 d6
7.f4 exf4
8.Bc1xf4 g5
9.Bf4g3 Qd8f6
10.Ng1f3 { time. }
0-1

[Event "Tourn. n9225"]
[Site "www.chess-mail.com"]
[Date "2017.03.16"]
[Round "1"]
[White "Powerchess"]
[Black "Redapond1"]
[WhiteElo "1480"]
[BlackElo "1690"]
[Result "0-1"]
[Round "1"]
1.d4 d5
2.Bc1f4 Nb8c6
3.e3 Bc8f5
4.Bf1b5 Qd8d7
5.Ng1f3 a6
6.Nf3e5 axb5
7.Ne5xd7 Kxd7
8.Nb1d2 Nc6b4
9.O-O c6
10.a3 Nb4a6
11.Nd2f3 e6
12.Nf3e5 Ke8
13.c3 Ng8f6
14.Rf1e1 { time. }
0-1

[Event "Tourn. n9286"]
[Site "www.chess-mail.com"]
[Date "2017.03.16"]
[Round "1"]
[White "Autmich"]
[Black "Claymil"]
[WhiteElo "1690"]
[BlackElo "1499"]
[Result "0-1"]
[Round "1"]
1.e4 c5
2.Ng1f3 Nb8c6
3.d4 cxd4
4.Nf3xd4 g6
5.Nb1c3 a6
6.Bc1e3 Bf8g7
7.Bf1c4 e6
8.O-O Ng8e7
9.Qd1d2 O-O
10.Qd2e2 b5
11.Bc4b3 Bc8b7
12.Ra1d1 Qd8c7
13.Rf1e1 Nc6a5
14.h3 Na5xb3
15.Nd4xb3 Rf8d8
16.a3 d5
17.exd5 Ne7xd5
{ resign }
0-1

[Event "Tourn. n9247"]
[Site "www.chess-mail.com"]
[Date "2017.03.16"]
[Round "1"]
[White "Genius9"]
[Black "Aalekhine"]
[WhiteElo "1720"]
[BlackElo "1930"]
[Result "1-0"]
[Round "1"]
1.d4 d5
2.Bc1f4 Ng8f6
3.e3 g6
4.Ng1f3 Bf8g7
5.Nb1d2 O-O
6.Bf1e2 Nb8d7
7.c4 c6
8.O-O dxc4
9.Nd2xc4 Nf6d5
10.Bf4g3 e6
11.Nc4e5  { time }
1-0

[Event "Tourn. n9039"]
[Site "www.chess-mail.com"]
[Date "2017.03.16"]
[Round "1"]
[White "Ejner"]
[Black "Rons"]
[WhiteElo "2450"]
[BlackElo "2520"]
[Result "0-1"]
[Round "1"]
1.d4 Ng8f6
2.Ng1f3 e6
3.c4 b6
4.g3 Bc8a6
5.Qd1c2 Ba6b7
6.Bf1g2 c5
7.d5 exd5
8.cxd5 Nf6xd5
9.O-O Bf8e7
10.Rf1d1 Qd8c8
11.a3 Nd5f6
12.Bc1g5 d5
13.Nf3d4 Nb8c6
14.Nd4f5 Nc6d4
15.Nf5xd4 cxd4
16.Qc2a4 Qc8d7
17.Qa4xd4 O-O
18.Nb1c3 h6
19.Bg5e3 Rf8d8
20.Qd4d3 Be7c5
21.Be3d4 Nf6e4
22.Ra1c1 Ra8c8
23.Qd3b1 Bc5xd4
24.Rd1xd4 Qd7e7
25.Nc3xe4 Rc8xc1
26.Qb1xc1 dxe4
27.Qc1d2 Rd8xd4
28.Qd2xd4 Kh7
29.h4 Qe7e6
30.e3 Qe6d5
31.Qd4xd5 Bb7xd5
32.Kf1 Kg6
33.Ke1 Kf5
34.Bg2h3 Ke5
35.Bh3g4 Kd6
36.Kd2 Bd5e6
37.Bg4xe6 Kxe6
38.Kc3 Kd5
39.Kb4 a6
40.a4 h5
41.Kc3 Kc5
42.b4 Kd5
43.Kb3 f6
44.Kc3 g5
45.Kb3 b5
46.a5 Ke6
47.Kc3 Ke5
48.Kc2 gxh4
49.gxh4 Kf5
50.Kc3 Kg4
51.Kd4 Kxh4
52.Kxe4 Kg4
53.f3 Kg3
{ resign }
0-1

[Event "Match"]
[Site "www.echecsemail.com"]
[Date "2017.03.16"]
[Round "1"]
[White "Ditto"]
[Black "Coraza"]
[WhiteElo "1630"]
[BlackElo "1770"]
[Result "0-1"]
[Round "1"]
1.e4 e5
2.Ng1f3 Nb8c6
3.Bf1c4 h6
4.d3 Ng8f6
5.O-O b6
6.Nb1c3 Bf8b4
7.Bc1d2 O-O
8.a3 Bb4xc3
9.Bd2xc3 { time. }
0-1

[Event "Match"]
[Site "www.echecsemail.com"]
[Date "2017.03.16"]
[Round "1"]
[White "Fangshuo"]
[Black "Coraza"]
[WhiteElo "2030"]
[BlackElo "1760"]
[Result "0-1"]
[Round "1"]
1.e4 e5
2.Ng1f3 Nb8c6
3.Nb1c3 Bf8b4
4.a3 Bb4xc3
5.bxc3 Ng8f6
6.d3 h6
7.Bc1b2 O-O
8.Bf1e2 a5
9.c4 Rf8e8
10.O-O d6
11.Qd1d2 Bc8g4
12.h3 Bg4xf3
13.Be2xf3 Nc6e7
14.c5 d5
15.exd5 Ne7g6
16.Rf1e1 b6
17.d6 Ra8b8
18.dxc7 Qd8xc7
19.cxb6 Rb8xb6
20.Qd2xa5 Re8b8
21.Bb2xe5 Ng6xe5
22.Re1xe5 Nf6d7
23.Re5e7 Rb6b1
24.Ra1xb1 Qc7xa5
25.Rb1xb8 Nd7xb8
26.Re7e8 Kh7
27.Re8xb8 Qa5e1
28.Kh2 Qe1e5
{ resign }
0-1

[Event "Match"]
[Site "www.echecsemail.com"]
[Date "2017.03.16"]
[Round "1"]
[White "Darknight"]
[Black "Pellix84"]
[WhiteElo "1730"]
[BlackElo "2060"]
[Result "0-1"]
[Round "1"]
1.e4 c5
2.Bf1c4 e6
3.d3 Qd8c7
4.h3 Ng8f6
5.g3 a6
6.Bc1g5 Bf8e7
7.f4 d5
8.exd5 exd5
9.Bg5xf6 Be7xf6
10.c3 dxc4
11.dxc4 O-O
12.Ng1e2 Qc7c6
13.Rh1h2 Bc8e6
14.b3 Qc6f3
15.Rh2f2 Qf3h1
16.Rf2f1 Qh1xh3
17.Qd1d6 Nb8c6
18.Qd6xc5 Rf8e8
19.a4 Ra8d8
20.Nb1d2 Bf6xc3
21.Ne2xc3 Be6g4
22.Nc3e4 Qh3xg3
23.Qc5f2 Qg3c3
24.Ra1b1 Re8xe4
{ resign }
0-1

[Event "Match"]
[Site "www.echecsemail.com"]
[Date "2017.03.16"]
[Round "1"]
[White "Pdebonis"]
[Black "Ericleo1980"]
[WhiteElo "1499"]
[BlackElo "2180"]
[Result "1-0"]
[Round "1"]
1.d4 d5
2.e3 Ng8f6
3.Bf1d3 Bc8g4
4.Ng1e2 c6
5.O-O Nb8d7
6.f3 Bg4h5
7.c4 Bh5g6
8.cxd5 cxd5
9.Nb1c3 e6
10.Kh1 a6
11.e4 dxe4
12.fxe4 Nd7b6
13.Ne2f4 Bf8e7
14.a4 O-O
15.Nf4xg6 hxg6
16.a5 Nb6c8
17.e5 Nf6d5
18.Bd3e4 Be7b4
19.Qd1b3 Bb4xc3
20.bxc3 Ra8b8
21.Bc1a3 Rf8e8
22.Rf1xf7 Kxf7
23.Ra1f1 Kg8
24.Be4xg6 Nc8e7
25.Bg6f7 Kh7
26.Qb3d1 g6
27.Bf7xg6 Ne7xg6
28.Qd1h5 Kg7
29.Rf1f7 { resign }
1-0

[Event "Match"]
[Site "www.echecsemail.com"]
[Date "2017.03.16"]
[Round "1"]
[White "Romaamor69"]
[Black "Ericleo1980"]
[WhiteElo "2380"]
[BlackElo "2170"]
[Result "1-0"]
[Round "1"]
1.d4 d5
2.Ng1f3 Ng8f6
3.c4 c6
4.e3 Bc8f5
5.Nb1c3 e6
6.Nf3h4 Bf5g6
7.Nh4xg6 hxg6
8.Bf1d3 Bf8d6
9.Bc1d2 a5
10.c5 Bd6c7
11.Qd1b3 Ra8a7
12.O-O-O Nb8d7
13.h4 b6
14.cxb6 Nd7xb6
15.Qb3c2 a4
16.e4 dxe4
17.Nc3xe4 O-O
18.Kb1 Nb6d5
19.Bd2g5 Qd8b8
20.Bg5xf6 gxf6
21.Bd3c4 Kg7
22.h5 Bc7d8
23.Ne4c5 Qb8d6
24.hxg6 fxg6
25.Qc2e4 f5
26.Qe4xe6 Rf8f6
27.Qe6e8 Rf6f8
28.Nc5e6 Kf6
29.Ne6xf8 Ra7f7
30.Rh1h6 Qd6xf8
31.Qe8xc6 Kg5
32.Qc6xg6 { resign }
1-0

[Event "1/32 Finale"]
[Site "www.chess-mail.com"]
[Date "2017.03.16"]
[Round "1"]
[White "Esperanza"]
[Black "Astigitana"]
[WhiteElo "2080"]
[BlackElo "2420"]
[Result "0-1"]
[Round "1"]
1.e4 c5
2.d4 cxd4
3.c3 dxc3
4.Nb1xc3 Nb8c6
5.Bf1c4 d6
6.Ng1f3 e6
7.O-O Ng8f6
8.Qd1e2 Bf8e7
9.Rf1d1 e5
10.h3 O-O
11.Bc1e3 Bc8e6
12.Ra1c1 Ra8c8
13.Bc4d5 Qd8e8
14.Nc3b5 Be6xd5
15.exd5 Nc6b4
{ time. }
0-1

[Event "1/128 Finale"]
[Site "www.chess-mail.com"]
[Date "2017.03.16"]
[Round "1"]
[White "Powerchess"]
[Black "Sbb"]
[WhiteElo "1500"]
[BlackElo "2590"]
[Result "0-1"]
[Round "1"]
1.e4 e5
2.Ng1f3 Nb8c6
3.Bf1b5 a6
4.Bb5xc6 bxc6
5.d4 exd4
6.Nf3xd4 c5
7.Nd4e2 Bc8b7
8.Nb1c3 Ng8f6
9.Ne2g3 d5
10.exd5 Nf6xd5
11.Nc3xd5 Qd8xd5
12.Qd1xd5 Bb7xd5
13.O-O O-O-O
14.Bc1e3 h5
15.Rf1d1 h4
16.Ng3f1 h3
17.g3 Bf8e7
18.c3 Kb7
19.b3 Rh8e8
20.c4 Bd5f3
21.Rd1e1 Be7f6
22.Nf1d2 Re8xe3
23.Re1xe3 Rd8xd2
24.Re3xf3 Bf6xa1
{ resign }
0-1

[Event "1/128 Finale"]
[Site "www.chess-mail.com"]
[Date "2017.03.16"]
[Round "1"]
[White "Cal"]
[Black "Powerchess"]
[WhiteElo "1630"]
[BlackElo "1500"]
[Result "1-0"]
[Round "1"]
1.Ng1f3 c5
2.e4 d6
3.h3 Nb8c6
4.a3 Ng8f6
5.Nb1c3 g6
6.d3 Bf8g7
7.Bf1e2 O-O
8.b3 Bc8e6
9.O-O a6
10.Bc1g5 h6
11.Bg5h4 Qd8d7
12.Nc3a4 Qd7c7
13.c4 b5
14.cxb5 axb5
15.Na4c3 Ra8b8
16.Nf3h2 Nc6d4
17.Be2f3 Rf8d8
18.Bh4xf6 Bg7xf6
19.Qd1d2 Bf6g7
20.Bf3d1 Be6xb3
21.Nh2g4 Bb3xd1
22.Ra1xd1 Kh7
23.f4 b4
24.axb4 Rb8xb4
25.Nc3d5 Qc7b7
26.h4 Rb4b2
27.Qd2e3 e6
{ time. }
1-0

[Event "1/128 Finale"]
[Site "www.chess-mail.com"]
[Date "2017.03.16"]
[Round "1"]
[White "Powerchess"]
[Black "Bojan"]
[WhiteElo "1500"]
[BlackElo "2020"]
[Result "0-1"]
[Round "1"]
1.e4 e5
2.Ng1f3 d6
3.d4 exd4
4.Nf3xd4 h6
5.Bf1e2 a6
6.c4 Bc8d7
7.Nb1c3 Bf8e7
8.O-O Be7f6
9.Bc1e3 Nb8c6
10.Nd4xc6 Bd7xc6
11.Qd1c2 Qd8d7
12.Nc3d5 Bf6e5
13.f4 Be5f6
14.Be3f2 Bf6d8
15.Be2f3 Ng8f6
16.Rf1e1 Nf6g4
17.Bf3xg4 Qd7xg4
18.h3 Qg4g6
19.f5 Qg6h5
20.Qc2e2 Qh5xe2
21.Re1xe2 Bc6d7
22.Ra1e1 O-O
23.Bf2g3 g6
24.fxg6 fxg6
25.Re1f1 a5
26.Rf1xf8 Kxf8
27.Re2f2 Kg7
28.b3 c6
29.Nd5e3 Bd8b6
30.Rf2e2 Bb6c5
31.Bg3f2 Ra8f8
32.Ne3c2 { time. }
0-1

[Event "Tourn. n9228"]
[Site "www.chess-mail.com"]
[Date "2017.03.17"]
[Round "1"]
[White "Albertf"]
[Black "Sonfamen"]
[WhiteElo "1790"]
[BlackElo "1809"]
[Result "1-0"]
[Round "1"]
1.d4 g6
2.c4 Bf8g7
3.e3 c5
4.Ng1f3 cxd4
5.Nf3xd4 Bg7xd4
6.Qd1xd4 Ng8f6
7.b3 Nb8c6
8.Qd4d2 Nf6e4
9.Qd2d3 Ne4c5
10.Qd3c3 e5
11.Bf1e2 Nc5e4
12.Qc3d3 Ne4f6
13.Bc1b2 O-O
14.Nb1d2 d6
15.Bb2a3 Nf6e8
16.Nd2e4 Bc8f5
17.Ra1d1 Bf5xe4
18.Qd3xe4 f5
19.Qe4d5 Rf8f7
20.c5 Ne8c7
21.Qd5xd6  { time }
1-0

[Event "Tourn. n9188"]
[Site "www.chess-mail.com"]
[Date "2017.03.17"]
[Round "1"]
[White "Aperturaf"]
[Black "Prize640"]
[WhiteElo "2520"]
[BlackElo "2350"]
[Result "1-0"]
[Round "1"]
1.e4 c5
2.Ng1f3 Nb8c6
3.d4 cxd4
4.Nf3xd4 e5
5.Nd4b5 d6
6.c4 Bf8e7
7.Nb1c3 a6
8.Nb5a3 f5
9.exf5 Bc8xf5
10.Na3c2 Ng8f6
11.Nc2e3 Bf5e6
12.Bf1d3 O-O
13.O-O Kh8
14.Ne3d5 Nc6d4
15.Bc1e3 b5
16.Nd5xf6 gxf6
17.Be3xd4 exd4
18.Nc3d5 Be6xd5
19.cxd5 f5
20.a4 bxa4
21.Ra1xa4 a5
22.Qd1b1 Qd8d7
23.Ra4xd4 { resign }
1-0

[Event "Tourn. n9240"]
[Site "www.chess-mail.com"]
[Date "2017.03.17"]
[Round "1"]
[White "Actmy"]
[Black "Pdebonis"]
[WhiteElo "2330"]
[BlackElo "2450"]
[Result "1/2-1/2"]
[Round "1"]
1.d4 Ng8f6
2.Ng1f3 d5
3.c4 dxc4
4.Qd1a4 c6
5.Qa4xc4 Bc8f5
6.Nb1c3 Nb8d7
7.Bc1g5 Qd8b6
8.O-O-O e6
9.Nf3h4 Bf8b4
10.Nh4xf5 exf5
11.Bg5h4 O-O
12.e3 Rf8e8
13.Bf1d3 g6
14.Kb1 Ra8c8
15.h3 Bb4xc3
16.Qc4xc3 c5
17.Qc3c4 a6
18.Bd3c2 Qb6c6
19.dxc5 Nd7xc5
20.g4 b5
21.Qc4d4 Nc5e6
22.Qd4d3 g5
23.Bh4g3 Re8d8
24.Qd3c3 Qc6xh1
25.Rd1xh1 Rc8xc3
26.bxc3 { draw }
1/2-1/2

[Event "Tourn. n9291"]
[Site "www.chess-mail.com"]
[Date "2017.03.17"]
[Round "1"]
[White "Xkafi"]
[Black "Bojan"]
[WhiteElo "2010"]
[BlackElo "2070"]
[Result "1-0"]
[Round "1"]
1.e4 e5
2.b3 a6
3.Bc1b2 d6
4.Bf1c4 h6
5.Nb1c3 c6
6.Ng1e2 Qd8g5
7.Ne2g3 Ng8e7
8.O-O f5
9.exf5 Ne7xf5
10.Bc4d3 Nf5h4
11.Nc3e4 Qg5f4
12.Bb2a3 Kd7
13.Qd1h5 Kc7
14.h3 Bc8e6
15.Qh5e8 c5
16.Qe8xe6 Nb8c6
17.c3 Bf8e7
18.b4 cxb4
19.cxb4 Rh8e8
20.Ra1c1 b5
21.Rc1c3 Kb7
22.Qe6d7 Kb6
23.Rc3xc6 { resign }
1-0

[Event "Tourn. n9278"]
[Site "www.chess-mail.com"]
[Date "2017.03.17"]
[Round "1"]
[White "Luban"]
[Black "Pellix84"]
[WhiteElo "2220"]
[BlackElo "2060"]
[Result "1-0"]
[Round "1"]
1.d4 Ng8f6
2.c4 c5
3.e3 e6
4.Ng1f3 b6
5.Bf1e2 Bc8b7
6.O-O Bf8e7
7.Nb1c3 d5
8.a3 a6
9.dxc5 Be7xc5
10.b4 Bc5d6
11.cxd5 Nf6xd5
12.Nc3xd5 Bb7xd5
13.Bc1b2 O-O
14.Be2d3 Nb8d7
15.e4 Bd5b7
16.Rf1e1 e5
17.Bd3xa6 Ra8xa6
18.Qd1xd6 b5
19.Qd6d1 Rf8e8
20.Ra1c1 Ra6g6
21.Nf3xe5 Re8xe5
22.Bb2xe5 Qd8g5
23.Be5g3 Nd7f6
24.Qd1d8 { resign }
1-0

[Event "Tourn. n9101"]
[Site "www.chess-mail.com"]
[Date "2017.03.17"]
[Round "1"]
[White "Julian"]
[Black "Bira47"]
[WhiteElo "1880"]
[BlackElo "2030"]
[Result "1-0"]
[Round "1"]
1.e4 c5
2.Ng1f3 e6
3.d4 cxd4
4.Nf3xd4 h6
5.Nb1c3 a6
6.Bf1e2 b5
7.O-O Bc8b7
8.f3 Nb8c6
9.Bc1e3 Ng8f6
10.Qd1e1 Bf8e7
11.Ra1d1 O-O
12.Qe1f2 Nc6e5
13.b3 Ra8c8
14.Be3d2 Be7c5
15.Bd2e3 Bc5b4
16.Nc3b1 d5
17.c3 Bb4xc3
18.Nb1xc3 Rc8xc3
19.Rd1c1 Qd8c7
20.Rc1xc3 Qc7d7
21.Rf1c1 Rf8c8
22.Rc3xc8 Bb7xc8
23.Qf2g3 Ne5c4
24.bxc4 bxc4
25.Be3xh6 Nf6h5
26.Qg3h4 g6
27.g4 Kh7
28.gxh5 Kxh6
29.hxg6 Kxg6
30.f4 f5
31.Be2h5 Kg7
32.Qh4g5 Kh8
33.Qg5h6 Qd7h7
34.Qh6xh7 Kxh7
35.exf5 exf5
36.Bh5f7 Bc8b7
37.Bf7e6 Kg6
38.Be6xf5 Kf6
39.Bf5d7 Ke7
40.Bd7c6 Bb7xc6
41.Nd4xc6 Kf6
42.Kf2 Kf5
43.Kf3 Ke6
44.Nc6b4 a5
45.Nb4c6 a4
46.h4 Kf6
47.Rc1d1 Ke6
48.Nc6d4 Kd6
49.h5 c3
50.Nd4b5 Kc5
51.Nb5xc3 d4
52.Nc3xa4 Kc4
53.h6 d3
54.h7 Kb4
55.h8Q Kxa4
56.Rd1b1  { time }
1-0

[Event "Tourn. n9185"]
[Site "www.chess-mail.com"]
[Date "2017.03.17"]
[Round "1"]
[White "Nimzo"]
[Black "Paaliaq"]
[WhiteElo "2650"]
[BlackElo "2660"]
[Result "1-0"]
[Round "1"]
1.d4 f5
2.g3 g6
3.Bf1g2 Ng8f6
4.Ng1f3 Bf8g7
5.O-O d6
6.Nb1d2 O-O
7.Rf1e1 Nb8c6
8.e4 e5
9.dxe5 dxe5
10.c3 f4
11.b4 a6
12.a4 fxg3
13.fxg3 Nf6e8
14.Bc1a3 b5
15.Qd1c2 Ne8d6
16.Ba3c1 Bc8g4
17.h3 Bg4e6
18.Nd2b3 Qd8c8
19.Nb3c5 Nc6d8
20.Kh2 Be6c4
21.h4 Nd6b7
22.Nf3d2 Nb7xc5
23.Nd2xc4 Nc5xa4
24.Bg2h3 Qc8b8
25.Bc1e3 Kh8
26.Re1d1 Rf8f7
27.Bh3d7 Rf7f8
28.Rd1f1 Rf8xf1
29.Ra1xf1 c6
30.h5  { time }
1-0

[Event "Tourn. n9273"]
[Site "www.chess-mail.com"]
[Date "2017.03.17"]
[Round "1"]
[White "Cal"]
[Black "Sozaro"]
[WhiteElo "1570"]
[BlackElo "1699"]
[Result "0-1"]
[Round "1"]
1.c4 e5
2.e4 Nb8c6
3.a3 Bf8c5
4.Nb1c3 Ng8f6
5.d3 O-O
6.Bc1g5 d6
7.Ng1f3 h6
8.b4 Bc5xf2
9.Kxf2 hxg5
10.h3 Nf6h5
11.Bf1e2 Nh5f4
12.g3 Nf4xe2
13.Qd1xe2 g4
14.hxg4 Bc8xg4
15.Qe2e3 f5
16.Nf3h4 f4
17.gxf4 Rf8xf4
18.Kg2 Bg4h5
19.Nh4f5 Qd8g5
20.Nf5g3 Bh5f3
21.Kg1 Qg5xg3
22.Kf1 Bf3g4
23.Qe3xf4 Qg3xf4
24.Ke1 Qf4e3
25.Kf1 Ra8f8
26.Kg2 Qe3f2
{ resign }
0-1

[Event "Tourn. n9212"]
[Site "www.chess-mail.com"]
[Date "2017.03.17"]
[Round "1"]
[White "Cal"]
[Black "Jjmcbride"]
[WhiteElo "1640"]
[BlackElo "1650"]
[Result "0-1"]
[Round "1"]
1.d4 d5
2.h3 Nb8c6
3.e3 e5
4.dxe5 Nc6xe5
5.a3 c5
6.Nb1c3 Ng8f6
7.Bf1b5 Bc8d7
8.Bb5xd7 Qd8xd7
9.f4 Ne5c6
10.Nc3e2 Bf8e7
11.Ng1f3 h6
12.c3 O-O-O
13.b3 Nf6e4
14.Qd1c2 g5
15.Bc1b2 g4
16.Nf3d2 Be7h4
17.g3 Ne4xg3
18.Rh1h2 Ng3e4
19.Kd1 g3
20.Rh2g2 Qd7xh3
21.Rg2g1 g2
22.Kc1 Bh4f2
23.Nd2xe4 dxe4
24.Kb1 Rd8d3
25.Ka2 Rd3xe3
26.Bb2c1 Re3d3
27.Bc1d2 Rh8d8
28.Ra1d1 e3
29.Ne2c1 Rd3xd2
30.Rd1xd2 Rd8xd2
31.Qc2xd2 exd2
32.Nc1e2 Bf2xg1
33.Ne2xg1 Qh3xc3
{ resign }
0-1

[Event "Match"]
[Site "www.echecsemail.com"]
[Date "2017.03.17"]
[Round "1"]
[White "Whitekknight"]
[Black "Darknight"]
[WhiteElo "1910"]
[BlackElo "1730"]
[Result "1-0"]
[Round "1"]
1.e4 e5
2.Ng1f3 d6
3.Bf1c4 h6
4.Nb1c3 c6
5.a4 a6
6.d4 exd4
7.Nf3xd4 Qd8e7
8.O-O Bc8e6
9.Nd4xe6 Ng8f6
10.Ne6f4 Nb8d7
11.Rf1e1 O-O-O
12.Qd1f3 h5
13.h3 Nd7e5
14.Qf3e2 Kd7
15.Re1d1 Ke8
16.Bc4a2 h4
17.Nf4d3 g5
18.Nd3xe5 Qe7xe5
19.Qe2c4 d5
20.Qc4d3 d4
21.Qd3c4 Rh8h7
22.Nc3e2 c5
23.Rd1e1 Bf8d6
24.f4 gxf4
25.Bc1xf4 Qe5e7
26.Bf4xd6 Nf6xe4
27.Bd6xe7 Kxe7
28.Ne2f4 f5
29.Qc4e6 Kf8
30.Qe6xf5 Kg7
31.Qf5f7 Kh8
32.Nf4g6 
1-0

[Event "Match"]
[Site "www.echecsemail.com"]
[Date "2017.03.17"]
[Round "1"]
[White "Forest"]
[Black "Guidom"]
[WhiteElo "1930"]
[BlackElo "2040"]
[Result "1/2-1/2"]
[Round "1"]
1.d4 d5
2.c4 dxc4
3.e4 e5
4.Ng1f3 exd4
5.Qd1xd4 Qd8xd4
6.Nf3xd4 Bf8b4
7.Bc1d2 Bb4c5
8.Bd2e3 Ng8f6
9.f3 Bc5xd4
10.Be3xd4 Bc8e6
11.Nb1c3 c6
12.Bd4xf6 gxf6
13.O-O-O Nb8d7
14.Nc3e2 Nd7b6
15.Ne2d4 O-O-O
16.Nd4xe6 fxe6
17.Bf1e2 e5
18.Rd1xd8 Rh8xd8
19.Rh1d1 Rd8xd1
20.Kxd1 Kd7
21.Kc2 Kd6
22.Kc3 a5
23.a3 h6
24.Be2xc4 Nb6xc4
25.Kxc4 b5
26.Kd3 c5
27.b3 Ke6
28.Kc3 { draw }
1/2-1/2

[Event "Match"]
[Site "www.echecsemail.com"]
[Date "2017.03.17"]
[Round "1"]
[White "Krystek23"]
[Black "Coraza"]
[WhiteElo "2290"]
[BlackElo "1760"]
[Result "1-0"]
[Round "1"]
1.c4 e5
2.Nb1c3 c6
3.e4 Bf8c5
4.Ng1f3 d6
5.Bf1e2 Ng8f6
6.d4 Bc5b4
7.dxe5 Bb4xc3
8.bxc3 Nf6xe4
9.exd6 Ne4xc3
10.Qd1c2 Qd8f6
11.Bc1b2 Bc8f5
12.Qc2xc3 Qf6g6
13.Qc3xg7 Rh8g8
14.Qg7d4 Nb8d7
15.Nf3h4 Qg6e6
16.Nh4xf5 Qe6xf5
17.Qd4h4 Qf5e6
18.O-O Qe6xd6
19.Be2g4 Qd6b4
20.Rf1e1 Kf8
21.Qh4h6 { resign }
1-0

[Event "Match"]
[Site "www.echecsemail.com"]
[Date "2017.03.17"]
[Round "1"]
[White "Calponas"]
[Black "Chemin"]
[WhiteElo "2010"]
[BlackElo "1809"]
[Result "0-1"]
[Round "1"]
1.Ng1f3 d5
2.b3 Bc8g4
3.Nf3e5 Bg4f5
4.g4 Bf5c8
5.Bc1b2 f6
6.Ne5f3 Bc8xg4
7.d4 e6
8.Qd1d3 Nb8c6
9.c3 Qd8d7
10.Nb1d2 O-O-O
11.Rh1g1 Bg4f5
12.Qd3e3 g5
13.O-O-O Bf8d6
14.h4 Bd6f4
{ resign }
0-1

[Event "Match"]
[Site "www.echecsemail.com"]
[Date "2017.03.17"]
[Round "1"]
[White "Chessghuttlu"]
[Black "Whitekknight"]
[WhiteElo "1449"]
[BlackElo "1910"]
[Result "0-1"]
[Round "1"]
1.d4 d5
2.c4 e6
3.Nb1c3 Ng8f6
4.Ng1f3 Bf8b4
5.Bc1d2 c5
6.e3 O-O
7.Bf1e2 Nb8c6
8.O-O cxd4
9.Nf3xd4 Nc6xd4
10.exd4 Bb4xc3
11.Bd2xc3 Nf6e4
12.Bc3b4 Rf8e8
13.f3 Ne4f6
14.Qd1b3 b6
 { time }
0-1

[Event "Match"]
[Site "www.echecsemail.com"]
[Date "2017.03.17"]
[Round "1"]
[White "Robinjut"]
[Black "Chessghuttlu"]
[WhiteElo "1540"]
[BlackElo "1449"]
[Result "1-0"]
[Round "1"]
1.e4 c5
2.d3 Nb8c6
3.Bc1e3 d6
4.Ng1f3 Ng8f6
5.h3 e6
6.Nb1c3 Bf8e7
7.Be3g5 O-O
8.Bg5xf6 Be7xf6
9.Qd1e2 Bc8d7
10.a3 a6
11.g4 Qd8a5
12.Qe2d1 Bf6xc3
13.bxc3 Qa5xc3
14.Ke2 Nc6d4
15.Nf3xd4  { time }
1-0

[Event "Match"]
[Site "www.echecsemail.com"]
[Date "2017.03.17"]
[Round "1"]
[White "Balbyns"]
[Black "Powerchess"]
[WhiteElo "1669"]
[BlackElo "1500"]
[Result "0-1"]
[Round "1"]
1.e4 e5
2.Ng1f3 Nb8c6
3.Bf1b5 a6
4.Bb5a4 d6
5.h3 Bc8d7
6.Nb1c3 Ng8f6
7.d4 exd4
8.Nf3xd4 Nc6xd4
9.Qd1xd4 Bf8e7
10.O-O Bd7xa4
11.Qd4xa4 Qd8d7
12.Qa4xd7 Kxd7
13.Bc1e3 Ra8d8
14.Ra1d1 Kc8
15.Be3g5 h6
16.Nc3d5 Nf6xd5
17.exd5 Be7xg5
18.Rf1e1 Rd8e8
19.c4 Kd7
20.b4 Re8xe1
21.Rd1xe1 Rh8e8
22.Kf1 Re8xe1
23.Kxe1 c6
24.Ke2 cxd5
25.cxd5 b5
26.Kd3 f5
27.g3 Bg5f6
28.g4 fxg4
29.hxg4 Ke7
30.f3 Bf6e5
31.Kc2 Kf6
32.Kb3 Kg5
{ resign }
0-1

[Event "Match"]
[Site "www.echecsemail.com"]
[Date "2017.03.17"]
[Round "1"]
[White "Sozaro"]
[Black "Billyg"]
[WhiteElo "1699"]
[BlackElo "1730"]
[Result "1-0"]
[Round "1"]
1.d4 d5
2.c4 dxc4
3.e3 e5
4.Bf1xc4 f6
5.Ng1f3 e4
6.Nf3d2 Ng8h6
7.Nd2xe4 Nb8c6
8.O-O Nc6a5
9.Qd1h5 g6
10.Qh5xa5 b6
11.Qa5a4 Bc8d7
12.Qa4b3 f5
13.Ne4c3 Qd8e7
14.Nc3d5 Qe7d6
15.e4 fxe4
16.Bc1f4 Qd6e6
17.Nd5xc7 Ke7
18.Bc4xe6 Ra8c8
19.Bf4g5 Kd6
20.Qb3g3 Kc6
21.Be6d5 { resign }
1-0

[Event "Tourn. n9164"]
[Site "www.chess-mail.com"]
[Date "2017.03.18"]
[Round "1"]
[White "Lucaschess"]
[Black "Vasylpuzanov"]
[WhiteElo "1499"]
[BlackElo "1420"]
[Result "1-0"]
[Round "1"]
1.e4 e5
2.Ng1f3 Nb8c6
3.Bf1c4 Bf8c5
4.b4 Bc5xb4
5.c3 Bb4a5
6.d4 exd4
7.Qd1b3 Qd8e7
8.O-O Ng8f6
9.Bc1a3 d6
10.e5 Nc6xe5
11.Nf3xe5 Qe7xe5
12.Bc4xf7 Kd8
13.cxd4 Qe5g5
14.f4 Qg5h6
15.Ba3c1 Qh6h4
16.Nb1d2 Ba5b6
17.Nd2f3 c6
{ time. }
1-0

[Event "Tourn. n9156"]
[Site "www.chess-mail.com"]
[Date "2017.03.18"]
[Round "1"]
[White "Sachpat"]
[Black "Paaliaq"]
[WhiteElo "2590"]
[BlackElo "2660"]
[Result "1-0"]
[Round "1"]
1.e4 d6
2.d4 Ng8f6
3.Nb1c3 g6
4.Ng1f3 Bf8g7
5.Bf1e2 O-O
6.O-O c5
7.d5 Nb8a6
8.Bc1f4 Na6c7
9.a4 Bc8g4
10.h3 Bg4xf3
11.Be2xf3 Nf6d7
12.Qd1d2 a6
13.Bf3e2 Ra8b8
14.a5 b5
15.axb6 Nd7xb6
16.Bf4h6 Bg7xh6
17.Qd2xh6 Nb6d7
18.Qh6c1 Rb8b6
19.b3 e6
20.dxe6 fxe6
21.f4 d5
22.Qc1d2 Rb6d6
23.g3 Nd7b6
24.Rf1d1 Rd6c6
25.h4 Qd8f6
26.e5 Qf6f7
27.Be2xa6 Nc7xa6
28.Ra1xa6 d4
29.Qd2g2 Qf7b7
30.Nc3a4 Qb7xa6
31.Qg2xc6 Qa6e2
32.Rd1f1 Nb6xa4
33.bxa4 Qe2xc2
34.Qc6xe6 Kg7
35.Qe6c6 Kh6
36.Rf1f2  { time }
1-0

[Event "Tourn. n9207"]
[Site "www.chess-mail.com"]
[Date "2017.03.18"]
[Round "1"]
[White "Falcoale"]
[Black "Genius9"]
[WhiteElo "1870"]
[BlackElo "1720"]
[Result "1-0"]
[Round "1"]
1.e4 c5
2.Ng1f3 e6
3.Bf1c4 a6
4.a3 d6
5.O-O Nb8c6
6.d4 cxd4
7.Nf3xd4 Ng8f6
8.Nb1c3 Bf8e7
9.Rf1e1 Bc8d7
10.f3 Nc6xd4
11.Nc3e2 Nd4xe2
12.Re1xe2 Bd7c6
13.Bc1e3 Qd8c7
14.Bc4d3 O-O
15.Qd1d2 d5
16.c3 dxe4
17.fxe4 Bc6xe4
18.Bd3xe4 Nf6xe4
19.Qd2c2 Ne4f6
20.Ra1e1  { time }
1-0

[Event "Tourn. n9162"]
[Site "www.chess-mail.com"]
[Date "2017.03.18"]
[Round "1"]
[White "Picifarkinca"]
[Black "Falcoale"]
[WhiteElo "1630"]
[BlackElo "1830"]
[Result "1-0"]
[Round "1"]
1.d4 Ng8f6
2.Bc1g5 e6
3.e4 Bf8e7
4.Nb1c3 h6
5.Bg5h4 O-O
6.Bf1d3 b6
7.Ng1f3 Bc8b7
8.Qd1e2 Rf8e8
9.e5 Nf6d5
10.Nc3xd5 Bb7xd5
11.Bh4xe7 Qd8xe7
12.c4 Bd5b7
13.O-O d5
14.Rf1c1 Nb8c6
15.cxd5 exd5
16.Bd3b5 Qe7e6
17.Qe2c2 Ra8c8
18.Bb5xc6 Bb7xc6
19.Qc2xc6 Re8d8
20.Qc6xe6 fxe6
21.Rc1c6 a5
22.Ra1c1 Rd8d7
23.Rc6xb6 Rd7e7
24.Rb6a6 c6
25.Ra6xa5 Re7b7
26.b3 g5
27.g4 Kf7
28.Ra5a6 Rb7b5
29.Rc1xc6 Rc8e8
30.Ra6a7 Kg6
31.Rc6d6 Rb5b8
32.Ra7a6 Rb8c8
33.Rd6xd5 Kf7
34.Rd5d7 Re8e7
35.Rd7xe7 Kxe7
36.Ra6a7 Kf8
37.Kf1 Rc8c3
38.Ke2 { resign }
1-0